| 000 | 00418nam a2200181Ia 4500 | ||
|---|---|---|---|
| 008 | 210210b1963 xxu||||| |||| 00| 0 eng d | ||
| 041 | _aeng | ||
| 082 | _a520/206 | ||
| 100 | _a- | ||
| 245 | _aChanging concept of the universe | ||
| 260 |
_aBombay _bAsia Publishing House _c1963 |
||
| 300 | _axi,108 | ||
| 650 | _auniverse | ||
| 650 | _aconcept | ||
| 650 | _aChanging | ||
| 690 | _aAstronomy | ||
| 906 | _a008191 | ||
| 999 |
_c126077 _d126077 |
||